Auditoría forense (Registro nro. 12358)
[ vista simple ]
| 000 -Cabecera | |
|---|---|
| Campo de control de longitud fija | 00737nam a22002777a 4500 |
| 005 - Fecha y hora de la última transacción | |
| Campo de control | 20260319121322.0 |
| 008 - Elementos de longitud fija--Información general | |
| Campo de control de longitud fija | 190924b2019 xxu||||| |||| 00| 0 spa d |
| 020 ## - International Standard Book Number | |
| Número Internacional Estándar del Libro (ISBN) | 9789587717341 |
| 041 ## - Idioma | |
| Código de idioma | Español |
| 082 ## - Clasificación Decimal Dewey | |
| Número de clasificación | 364.17 M357a |
| 100 ## - Entrada principal--Autor personal | |
| Nombre personal | Márquez Arcila, René Humberto |
| 9 (RLIN) | 56141 |
| 245 ## - Título propiamente dicho | |
| Título | Auditoría forense |
| 260 ## - Pie de imprenta | |
| Lugar de publicación, distribución, etc. | Colombia |
| 260 ## - Pie de imprenta | |
| Nombre del editor, distribuidor, etc. | Ecoe Ediciones |
| 260 ## - Pie de imprenta | |
| Fecha de publicación, distribución, etc. | 2019 |
| 300 ## - Descripción física | |
| Extensión | 211 páginas |
| 490 ## - Serie | |
| Título de la Serie | Investigación Criminal |
| 650 ## - Materia general | |
| Temática (materia general) | AUDITORÍA FORENSE |
| 650 ## - Materia general | |
| Temática (materia general) | DELITOS DE CUELLO BLANCO |
| 650 ## - Materia general | |
| Temática (materia general) | AUDITORÍA ADMINISTRATIVA |
| 650 ## - Materia general | |
| Temática (materia general) | EVALUACIÓN DEL RIESGO |
| 650 ## - Materia general | |
| Temática (materia general) | METODOLOGÍA DE AUDITORÍA FORENSE |
| 650 ## - Materia general | |
| Temática (materia general) | FRAUDE |
| 650 ## - Materia general | |
| Temática (materia general) | CORRUPCIÓN |
| 942 ## - Punto de acceso adicional KOHA | |
| Tipo de ítem KOHA | Libro |
| Fuente del sistema de clasificación o colocación | Dewey Decimal Classification |
| Signatura completa | Código de barras | Programa Académico | Tipo de ítem |
|---|---|---|---|
| 364.17 M357a | 24558 | Investigación Criminal | Libro |
| 364.17 M357a | 24559 | Investigación Criminal | Libro |